000 00633nam a2200181Ia 4500
008 100921s9999 xx 000 0 und d
082 _b1789
_a891.462 थ 64
100 _aदारव्हेकर पुरूषोत्तम.
245 _aअबोल झाली सतार !.
260 _bशिरीष प्रकाशन, मुंबई.
_c1964
300 _a40
_b---
365 _b1.25
520 _aललित-नाटके.
630 _aअबोल झाली सतार !.
650 _aललित-नाटके.
730 _aअबोल झाली सतार !.
942 _cBOOK
999 _c750902
_d750899